Govt. of
Madhya Pradesh

इंग्लिश भाषा के Errors, Mistakes एवं Blunders से कैसे बचें (Record no. 50548)

MARC details
000 -LEADER
fixed length control field 00436nam a22001457a 4500
003 - CONTROL NUMBER IDENTIFIER
control field MACL
005 - DATE AND TIME OF LATEST TRANSACTION
control field 20151105141534.0
008 - FIXED-LENGTH DATA ELEMENTS--GENERAL INFORMATION
fixed length control field 151105b xxu||||| |||| 00| 0 eng d
040 ## - CATALOGING SOURCE
Transcribing agency MACL
041 ## - LANGUAGE CODE
Language code of text/sound track or separate title English
100 ## - MAIN ENTRY--PERSONAL NAME
Personal name SC Gupta
9 (RLIN) 17301
245 ## - TITLE STATEMENT
Title इंग्लिश भाषा के Errors, Mistakes एवं Blunders से कैसे बचें
260 ## - PUBLICATION, DISTRIBUTION, ETC. (IMPRINT)
Place of publication, distribution, etc. Meerut
Name of publisher, distributor, etc. Arihant Publications
Date of publication, distribution, etc. 2015
942 ## - ADDED ENTRY ELEMENTS (KOHA)
Source of classification or shelving scheme
Koha item type Books
Holdings
Withdrawn status Lost status Source of classification or shelving scheme Damaged status Not for loan Home library Current library Shelving location Date acquired Cost, normal purchase price Total Checkouts Barcode Date last seen Price effective from Koha item type
          MACL MACL Reference 05/11/2015 150.00   DPI000405 05/11/2015 05/11/2015 Books